Регионална библиотека "Любен Каравелов" - Русе

Тесла : вълшебникът във война : геният, оръжието със светлинни частици и стремежът към властта (Запис номер 505246)

MARC детайли
000 -Лидер
Лидер 01933nam a2200337 a 4500
003 - Код на организацията, давaща контролен номер
Код на организацията, даваща контролен номер BLK
005 - Дата и час на последна редакция
Дата и час на последна редакция 20250603165404.0
008 - Елементи от данни с фиксирана дължина
Елементи с фиксирана дължина 181219b bu ||||| |||| 00| 0 bu d
020 ## - Международен стандартен номер на книга ISBN
ISBN 9786191953677
040 ## - Източник на каталожния запис
Код на библиотеката BLK
041 ## - Код за език
Език Български
Език за КДБФ Български
080 ## - УДК
УДК текст Електротехника
УДК код 621.3
УДК – определител (=163.41)(73)(092)
УДК – код + определител 621.3(=163.41)(73)(092)
080 ## - УДК
УДК текст Сръбско-американски изобретател, физик и електромашинен инженер
УДК код 929 Тесла, Никола
УДК – код + определител 929 Тесла, Никола
100 ## - Редна дума - Автор
Автор Сайфър, Марк Дж.
R(LIN) 1299
245 ## - Сведения за заглавието
Заглавие Тесла : вълшебникът във война : геният, оръжието със светлинни частици и стремежът към властта
Авторска отговорност Марк Дж. Сайфър; прев. от англ. Лилия Попова-Дотина.
260 ## - Област на издателските данни
9 (RLIN) 214104
Място на издаване София
Име на издателя Книгомания
Година на издаване 2024
Печатница [Костинброд] : Мултипринт ООД
300 ## - Физическа характеристика
Брой страници 400 с.
Размер 24 см
380 ## - Жанр
Жанр Техника
500 ## - Общи забележки
Обща забележка Ориг. загл.: Tesla: wizard at war / Marc Seifer. - Възприетата форма на името на прев. Лилия Попова-Дотина е Лилия Златкова Попова.- Библиогр.: с. 357-359. - Именен показалец.
600 14 - Име на лице, използвано като предмет
За него / За нея Тесла, Никола
9 (RLIN) 128715
650 #7 - Допълнително описание по предмет – тема
9 (RLIN) 154653
Предметна рубрика Електроинженери - биографии
650 #0 - Допълнително описание по предмет – тема
9 (RLIN) 258541
Предметна рубрика Електротехника - САЩ - история
653 #7 - Ключова дума – ненормативна
9 (RLIN) 187397
Ключови думи изобретатели
653 #7 - Ключова дума – ненормативна
9 (RLIN) 186083
Ключови думи електричество
700 ## - Други автори (авторска отговорност)
9 (RLIN) 491307
Друг автор Попова-Дотина, Лилия Златкова
852 ## - Местоположение
Сигнатура (форматна) Цб 323068
Отдел Хранилище
942 ## - АРТИКУЛИ
Вид на библиотечния документ Книги
Скрит в OPAC Не
Koha issues (borrowed), all copies 2
944 ## - СЪЗДАВАНЕ И РЕДАКЦИЯ на ЗАПИСА
Дата на регистрацията/редакция Нора Радева
Служител, извършил регистрацията/редакцията 30530
Номер на служител Минев Младен
999 ## - СИСТЕМНИ КОНТРОЛНИ НОМЕРА
Koha biblionumber 505246
Koha biblioitemnumber 505246
999 ## - СИСТЕМНИ КОНТРОЛНИ НОМЕРА
Koha biblioitemnumber 505246
Наличности
Код за отписване Код за изгубен артикул Източник на класификационната схема Код за повреда Код за отдаване Артикулен № Име на библиотеката - собственик Име на библиотеката, в която се намира в момента Статус (Текущо местоположение) Дата на вписване в системата Местоположение - отдел Цена в лева Инвентарен номер Систематично азбучна сигнатура Баркод Цена в евро Служебен тип на артикула Коз за рестрикции
  Не е изгубен Universal Decimal Classification Не е повреден заемане за дома 940904 Регионална библиотека "Любен Каравелов" Русе Регионална библиотека "Любен Каравелов" Русе Заемна - подръчен фонд 2024-03-12 Заемна - подръчен фонд 17.52 120000899932 621.3/Т 53 Н 120000899932 8.96 Книги  
  Не е изгубен Universal Decimal Classification Не е повреден ползва се в читалня 943770 Регионална библиотека "Любен Каравелов" Русе Регионална библиотека "Любен Каравелов" Русе Хранилище 2024-06-11 Хранилище 24.00 120000908880 Цб 323068 120000908880 12.27 Книги само за читалня
Vip Innovations Ltd, Rousse, Bulgaria 2025